The happy isles of Oceania : (Record no. 1521)

MARC details
000 -LEADER
fixed length control field 00576pam a2200193 4500
001 - CONTROL NUMBER
control field 1968
003 - CONTROL NUMBER IDENTIFIER
control field OCoLC
005 - DATE AND TIME OF LATEST TRANSACTION
control field 20181127164318.0
008 - FIXED-LENGTH DATA ELEMENTS--GENERAL INFORMATION
fixed length control field 911121s1992 nyub 000 0 eng
010 ## - LIBRARY OF CONGRESS CONTROL NUMBER
LC control number 91039687
020 ## - INTERNATIONAL STANDARD BOOK NUMBER
International Standard Book Number 0399137262 (acid-free paper)
043 ## - GEOGRAPHIC AREA CODE
Geographic area code po-----
100 1# - MAIN ENTRY--PERSONAL NAME
Personal name Theroux, Paul.
245 14 - TITLE STATEMENT
Title The happy isles of Oceania :
Remainder of title paddling the Pacific /
Statement of responsibility, etc. Paul Theroux.
260 ## - PUBLICATION, DISTRIBUTION, ETC.
Place of publication, distribution, etc. New York :
Name of publisher, distributor, etc. G.P. Putnam's Sons,
Date of publication, distribution, etc. c1992.
300 ## - PHYSICAL DESCRIPTION
Extent 528 p. :
Other physical details maps ;
Dimensions 25 cm.
600 10 - SUBJECT ADDED ENTRY--PERSONAL NAME
Personal name Theroux, Paul
General subdivision Journeys
Geographic subdivision Polynesia.
651 #0 - SUBJECT ADDED ENTRY--GEOGRAPHIC NAME
Geographic name Oceania
General subdivision Description and travel.
Holdings
Withdrawn status Lost status Source of classification or shelving scheme Damaged status Not for loan Collection code Home library Current library Shelving location Serial Enumeration / chronology Inventory number Total Checkouts Full call number Barcode Date last seen Price effective from Koha item type
    Dewey Decimal Classification     Main TEST RTC Library RTC Library Main opac 1679   910.4 THE 30006188 27/11/2018 27/11/2018 Main
Royal Thimphu College || All Right Reserved